Statistics for Random Counties of England on a Map

Click here to take the quiz!

General Stats

  • This quiz has been taken 96 times
  • The average score is 11 of 15

Answers on the Map

Answers color-coded by a green-red scale on the quiz's map according to % correct below.
 

Answer Stats

County% Correct
Berkshire
100%
Devon
100%
Durham
100%
East Sussex
100%
Hertfordshire
100%
Kent
100%
Leicestershire
100%
Norfolk
100%
North Yorkshire
100%
Oxfordshire
100%
Shropshire
100%
Somerset
100%
Suffolk
100%
Warwickshire
100%
Bedfordshire
80%
Lincolnshire
80%
Surrey
80%
West Yorkshire
80%
Buckinghamshire
75%
Cumbria
75%
East Riding of
Yorkshire
75%
Greater Manchester
75%
Lancashire
75%
West Midlands
75%
West Sussex
75%
Cheshire
67%
Cornwall
67%
Essex
67%
Gloucestershire
67%
Greater London
67%
Isle of Wight
67%
Tyne and Wear
67%
Worcestershire
67%
Cambridgeshire
50%
Dorset
50%
Hampshire
50%
Nottinghamshire
50%
Wiltshire
50%
Merseyside
40%
City of Bristol
33%
Derbyshire
33%
Staffordshire
33%
Northamptonshire
25%
Herefordshire
0%
Northumberland
0%
Rutland
0%
South Yorkshire
0%

Score Distribution

Percentile by Number Answered

Percent of People with Each Score

Your Score History

You have not taken this quiz